000
00280nam a2200109Ia 4500
008
190216s9999||||xx |||||||||||||| ||und||
100
_a
William D Marakkal Roy
245
0
_a
Kosha Physiologyum Jeeva Resathanthravum
260
_b
Kerala Basha Inst
650
_a
Botany
942
_c
BK
999
_c
38695
_d
38695